000 01132nam a2200301 i 4500
003 EG-GICUC
005 20260121101406.0
008 251129s2006 ua ||||fr|||| 00| 0 ara d
017 _a٢٠٠٦/١٥٣٠٨
040 _a EG-GICUC
_bara
_c EG-GICUC
_d EG-GICUC
_erda
041 0 _aara
082 0 4 _221
_a345.325
_bط ا . د
092 0 4 _221
099 _aLaw1 07 345.325 ط ا . د 2006
100 0 _aطارق حسين الباقورى
_eمؤلف.
245 1 0 _aدور الشرطة في حماية حق التنقل :
_bمع التطبيق على المنع من السفر /
_cدكتور طارق حسين الباقورى.
264 1 _aالقاهرة :
_bطارق حسين الباقورى،
_c2006.
300 _a451 ؛صفحة
_c24 سم.
336 _2rda content
_atext
337 _2rda media
_aComputer
338 _2rda carrier
_aOnline Resource
546 _aالنص باللغة العربية
650 1 4 _aقواعد سير المرافق العامة
650 1 4 _aالقانون الإداري
856 4 0 _uhttps://fll.law.cu.edu.eg/fulltext/bks/B07-01259.pdf
905 _a32
942 _2ddc
_cBK
_e21
_n0
999 _c47342
_d47342